Sociálnopráva ochrana detí

Legislatíva sociálno-právnej ochrany detí a sociálna kuratela.

Saved in:
Bibliographic Details
Main Author: Tichý, Miroslav
Format: Book Chapter
Language:Slovak
Subjects:
Tags: Add Tag
No Tags, Be the first to tag this record!

MARC

LEADER 00000naa a2200000 4500
001 0210035
005 20231120130644.0
041 0 |a slo 
044 |a SK 
245 1 0 |a Sociálnopráva ochrana detí  |c Miroslav Tichý 
520 |a Legislatíva sociálno-právnej ochrany detí a sociálna kuratela. 
610 2 0 |a ochrana sociálna 
610 2 0 |a ochrana právna 
610 2 0 |a deti 
100 1 |a Tichý, Miroslav